000 00354nam a2200097Ia 4500
008 220120s9999||||xx |||||||||||||| ||und||
100 _aAkshay goeda, Dileep kumar, Sajjad Ahamed, Sachin g c
_912824
245 0 _aDesign and Development of sketch interfaced robot using smal
260 _aCoorg Institute of Technology
_bPonnampet
_c2020
650 _aMECHANICAL
999 _c138424
_d138424